000 00311nam a2200109Ia 4500
008 171204s9999 xx 000 0 und d
245 _aInternational Financial Management:
245 _cJeff Madura
260 _c2014
650 _xFINANCIAL MANAGEMENT 1-4
856 _uhttp://down.ebook777.com/021/IntFinMan.pdf
999 _c345725
_d345725